000 00608nam a2200229Ia 4500
003 OSt
005 20230401091725.0
008 210423s1998 xx 000 0 und d
020 _a8170334391
040 _cAL
041 _aeng
082 _a338.9 DAST
100 _aDASH (Tapas R);SEN (K K),Ed
_981324
245 _aCooperatives and economic developmen
260 _aJaipur
_bRawat Publications
_c1998
300 _a359
_bHB
365 _b575
_cINR
650 _aEconomics
_981325
650 _aEconomics of Development
_981326
906 _aCooperatives ; developmen ; economic
942 _2ddc
_cBK
999 _c157762
_d157762